Infrared sensing remote survillance system / (Record no. 182700)

000 -LEADER
fixed length control field 00537 a2200169 4500
003 - CONTROL NUMBER IDENTIFIER
control field NUST
005 - DATE AND TIME OF LATEST TRANSACTION
control field 20251020142551.0
040 ## - CATALOGING SOURCE
Transcribing agency Nust
082 ## - DEWEY DECIMAL CLASSIFICATION NUMBER
Classification number 621.382,BUK
100 ## - MAIN ENTRY--PERSONAL NAME
Personal name Bukhari , Shah Ali Ghazanfar Syed TE-35
9 (RLIN) 131279
245 ## - TITLE STATEMENT
Title Infrared sensing remote survillance system /
Statement of responsibility, etc. Syed Ghazanfer Ali Shah Bukhari , Capt Zeeshan Akmal, Capt Fazal-e-Abbas and Capt Azfar Zulfiqar TE-35
260 ## - PUBLICATION, DISTRIBUTION, ETC.
Place of publication, distribution, etc. Rawalpindi
Name of publisher, distributor, etc. MCS
Date of publication, distribution, etc. 2002
300 ## - PHYSICAL DESCRIPTION
Extent 115 p
650 ## - SUBJECT ADDED ENTRY--TOPICAL TERM
Topical term or geographic name entry element UG Projects
9 (RLIN) 98716
651 ## - SUBJECT ADDED ENTRY--GEOGRAPHIC NAME
Geographic name TE-35
9 (RLIN) 131280
942 ## - ADDED ENTRY ELEMENTS (KOHA)
Koha item type Project Report
Source of classification or shelving scheme
Holdings
Withdrawn status Lost status Source of classification or shelving scheme Damaged status Not for loan Permanent Location Current Location Shelving location Date acquired Full call number Barcode Date last seen Price effective from Koha item type Public note
          Military College of Signals (MCS) Military College of Signals (MCS) Reference 12/12/2016 621.382,BUK MCSPTE-97 12/08/2016 12/12/2016 Project Report Almirah No.90, Shelf No.2
© 2023 Central Library, National University of Sciences and Technology. All Rights Reserved.